| 000 | 01210nam a2200229Ia 4500 | ||
|---|---|---|---|
| 999 |
_c50943 _d50943 |
||
| 001 | 17900 | ||
| 003 | GE_BSU | ||
| 005 | 20200228110629.0 | ||
| 008 | 181216s1956ge xx |||||||||||||| ||geo|| | ||
| 040 | _cGE_BSU | ||
| 041 | _ageo | ||
| 080 | _a821.353.1-11 ჭ-15 | ||
| 100 |
_aჭავჭავაძე, ილია (1837-1907) _97615 |
||
| 245 |
_aრამდენიმე სურათი ანუ ეპიზოდი ყაჩაღის ცხოვრებიდან / _cილია ჭავჭავაძე ; ილ . უჩა ჯაფარიძისა ; რედ. პ.ინგოროყვა. |
||
| 264 |
_aთბილისი : _bსაბლიტგამი, _c1956. |
||
| 300 |
_a32გვ . : _bპორტრ. და ილ. ; _c30 სმ. |
||
| 653 | _aრამდენიმე სურათი ანუ ეპიზოდი ყაჩაღის ცხოვრებიდან | ||
| 653 | _aქართული ლიტერატურა | ||
| 700 |
_aჯაფარიძე, უჩა _eილუსტრატორი _97616 |
||
| 700 |
_aინგოროყვა, პ _eრედაქტორი _97617 |
||
| 942 |
_cBK _2udc |
||